000 005870000a22001930004500
020 _a0-8054-3430-5
041 0 _aSPA
082 0 4 _aG 268.6 F6991a
100 1 _aFord, LeRoy
245 1 0 _aActividades dinámicas para el aprendizaje / LeRoy Ford ; Raimundo Ericson, Traductor
260 _aEl Paso, TX., USA : Casa Bautista de Publicaciones
300 _a101 Pag
500 _aTítulo original : A sourcebook of learning activities
001 8004
942 _cBK
999 _c38203
_d38203
336 _atexto
_btxt
_2rdacontent
337 _2rdamedia
_asin mediación
_bn
338 _2rdacarrier
_avolumen
_bnc